007130000a2200241000450024500960000065000180009665000230011465000320013765000140016965100130018365100120019665100120020865100110022065100110023165100150024265100200025765300450027765300420032204100130036470000230037710000220040077300490042210aNotes on the genus Argyrogrammana, part 2, with one new species ()14aEntomología14aTaxonomía animal14aDistribución geográfica14aMariposas 4pColombia 4pEcuador 4pBolivia 4pBrasil 4pPerú 4pCosta Rica 4pGuyana Francesa gArgyrogrammanaeArgyrogrammana trochilia gArgyrogrammanaeArgyrogrammana stilbe0 aInglés1 aWillmott, Keith R.1 aHall, Jason P. W.1 tTropical Lepidoptera3311h1q71-80d1996g7